Statistics for Geography by Letter on the Map of Europe - C

Click here to take the quiz!

General Stats

  • This quiz has been taken 2,868 times
    (150 since last reset)
  • The average score is 12 of 20

Answer Stats

Answer % Correct
Czech Republic
98%
Croatia
98%
Corsica
91%
Chernobyl
91%
Crete
90%
Caspian Sea
88%
Cork
81%
Crimea
79%
Cologne
78%
Caucasus Mountains
67%
Chisinau
55%
Channel Islands
50%
Catania
40%
Carpathian Mountains
36%
Champagne
34%
Celtic Sea
32%
Calabria
29%
Constanta
25%
Campania
18%
Castile and León
18%

Score Distribution

Percentile by Number Answered

Percent of People with Each Score

Your Score History

You have not taken this quiz since the last reset